Statistiques concernant Quiz Miss France 2024

Cliquez ici pour prendre le quiz!

Statistiques générales

  • Ce quiz a été pris 56 fois
  • Le résultat moyen est 8 sur 20

Statistiques - réponses

QuestionsRéponses% Correct
Quelle est la capitale du Brésil, de la Norvège et de la Turquie ?Brasilia, Oslo et Ankara
71%
Quel pays appelle-t-on "le pays du Soleil levant" ?Japon
71%
Si un article qui valait initialement 15 euros est soldé à moins 20%, son prix est de…12
67%
Dans quel pays se déroulera la Coupe du Monde de Rugby en 2027 ?Australie
56%
Sur quelle main le Penseur de Rodin appuie-t-il son menton ?Droite
56%
Quels pays ont une frontière commune avec la Guyane française ?Le Brésil et le Suriname
56%
Quel pays a intégré la zone euro en 2023 ?Croatie
53%
Dans la suite de quel film mythique des années 80 Tom Cruise a-t-il repris son rôle de Pete « Maverick » Mitchell en 2022 ?Top Gun
51%
Quel est ma note moyenne si j'ai eu un 4/20, un 6/20, un 9/20 et un 20/20 ?9,75
49%
Votre médecin vous prescrit 1 cachet à prendre toutes les ½ heures, combien de temps vous faudra-t-il pour prendre 6 cachets?2h30
40%
Quel événement marque la fin de la préhistoire ?Invention de l'écriture
40%
R3 J1 N6 D4 I5 A2 JARDIN ; C1 P5 R2 U4 E6 O3 quel est le mot qui vient ensuite?Croupe
38%
Dans quelle ville s'est déroulé la COP 28 ?Dubai
38%
Qui est l’auteur de cette célèbre citation : « On ne naît pas femme. On le devient » ?Simone de Beauvoir
38%
Quel personnage historique est à l’origine du Code civil ?Napoleon Bonaparte
33%
Quelle grande actrice française a prêté son image pour l’affiche du Festival de Cannes 2023 ?Catherine Deneuve
29%
Quel évènement a-t-on fêté le 6 mai de cette année au Royaume-Uni ?Couronnement du roi Charles III
27%
Quelle Miss France sera l’ambassadrice du Relais de la Flamme Olympique aux côtés de Thomas Pesquet, Jamel Debbouze et Thierry Marx ?Marine Lorphelin
16%
Quelle cérémonie récompense le monde de la musique aux Etats-Unis ?Grammys Awards
9%
En 1965, quel droit les femmes ont-elles obtenu ?Ouverture d'un compte bancaire sans l'autorisation du mari
2%

Distribution des résultats

Percentile par nombre de réponses

% des personnes avec chaque résultat

Votre développement - résultats

Vous n’avez pas pris ce quiz